| 000 | 00414cam a2200169ua 4500 | ||
|---|---|---|---|
| 020 | _c95.00 | ||
| 041 |
_aeng _h |
||
| 082 |
_a658.542 _bNIE/MO |
||
| 100 | _aNiebel , Benjamin . | ||
| 245 |
_aMotion and time study / _cBenjamin W Niebel. _hTextual Documents |
||
| 260 |
_a : _bSurjeet Publications , _c18071. |
||
| 300 | _a756 ; . | ||
| 365 | _a95.00 | ||
| 504 | _a | ||
| 942 | _cBK | ||
| 999 |
_c2854 _d2854 |
||